000
00249nam a2200109Ia 4500
005
20251222153642.0
008
251222s9999||||xx |||||||||||||| ||spa||
082
_a
868.942/R24
100
_a
"Ramos, Graciliano"
245
0
_a
SÍcheresse
942
_c
LIB
999
_c
32781
_d
32781